British Cities by Flags - Statistics

General Stats
  • This quiz has been taken 134 times
  • The average score is 4 of 12
Answer Stats
Picture Answer % Correct
Cardiff
74%
Coventry
57%
Birmingham
52%
Portsmouth
52%
Brighton & Hove
34%
Preston
30%
Edinburgh
29%
Southampton
27%
Aberdeen
23%
Lincoln
15%
Leicester
13%
Dundee
7%
No matching quizzes found
Score Distribution
Percent of People with Each Score
Percentile by Number Answered
Your Score History
You have not taken this quiz